TV Guide's Top 100 Episodes Quiz Stats

 Plays Quiz Updated Nov 1, 2018

Score 0/100 Timer 15:00
2 Plays Today
Rank Show % Correct
21Friends
83.2%
1Seinfeld
81%
4I Love Lucy
79.5%
24The Simpsons
72.8%
1024
66.2%
12Saturday Night Live
62.5%
87Happy Days
58.2%
5Lost
57.6%
20M*A*S*H
57.1%
29Cheers
56%
32Arrested Development
54.4%
19The Office
50%
6ER
49.5%
9All In The Family
49.2%
99Family Guy
47.9%
31Frasier
44.1%
47CSI
42.6%
42Everybody Loves Raymond
42%
15The Cosby Show
41.4%
2The Sopranos
40.8%
17South Park
39.3%
69Dallas
38.6%
18The Andy Griffith Show
37.9%
62Law & Order
37.7%
3The Mary Tyler Moore Show
37.7%
74Will & Grace
37.4%
56How I Met Your Mother
36.8%
45General Hospital
36.7%
14Buffy the Vampire Slayer
35.2%
63Grey's Anatomy
34.7%
80Star Trek
33.4%
40The West Wing
32.9%
86Scrubs
32.4%
66House
32.4%
Rank Show % Correct
8Mad Men
31.9%
33Roseanne
30.7%
2830 Rock
30%
51Taxi
30%
60The Big Bang Theory
28.3%
100The Brady Bunch
28.3%
11The Twilight Zone
27.5%
70Sex and the City
25.9%
76Family Ties
25%
13The Dick Van Dyke Show
24.3%
55Desperate Housewives
24.1%
78Angel
23.6%
49Dexter
23.5%
7The Honeymooners
23.1%
35The X-Files
22.9%
30NYPD Blue
22.7%
67Dynasty
22.4%
91Beverly Hills, 90210
21.9%
75Gilmore Girls
21.4%
71Little House on the Prairie
21.3%
85Melrose Place
20.6%
39The Wonder Years
20%
22Six Feet Under
19.9%
68Heroes
19.7%
26The Wire
19.3%
57Hill St. Blues
19.1%
64Murphy Brown
19%
79Charlie's Angels
18%
98Breaking Bad
17.8%
61L.A. Law
17.5%
65WKRP in Cincinnati
17.4%
27Curb Your Enthusiasm
17.3%
41Freaks & Geeks
17.1%
54Twin Peaks
16.6%
Rank Show % Correct
23St. Elsewhere
16.4%
77The Waltons
16%
46Ellen
15.7%
37The Bob Newhart Show
15.4%
36Star Trek: The Next Generation
15.1%
94Ally McBeal
14.4%
83Good Times
14.4%
43Battlestar Galactica
13.5%
90Malcolm in the Middle
13.4%
53The Carol Burnett Show
12%
88Magnum, P.I.
11.5%
84Alias
11.4%
16The Fugitive
11.2%
81Smallville
11.1%
38The Shield
11%
44My So-Called Life
11%
48Moonlighting
10.8%
58The Odd Couple
10.2%
73The Outer Limits
9.8%
72Batman
9.4%
34Thirtysomething
9.1%
92Party of Five
9%
95Supernatural
9%
25Homicide: Life on the Street
8.5%
52Damages
7.4%
93Big Love
7.4%
50The Larry Sanders Show
6.5%
96Rescue Me
6.4%
59Alfred Hitchcock Presents
6.1%
97Mary Hartman
4%
82Farscape
3.6%
89Beauty and the Beast
3.6%

You're not logged in!

Compare scores with friends on all Sporcle quizzes.
OR
Log In

Sporcle TV

Today on Sporcle TV


Watch our educational content, quiz creation guides, and fun videos on Sporcle TV.

Show Comments

Extras

Top Quizzes Today


Score Distribution

Your Account Isn't Verified!

In order to create a playlist on Sporcle, you need to verify the email address you used during registration. Go to your Sporcle Settings to finish the process.

Report this User

Report this user for behavior that violates our Community Guidelines.

Details: